LEADER 00772nam a2200217 i 4500 001 000000167040 003 CaOOAMICUS 005 20240129123838.0 008 071122s1923 it u000 u ita u 013 $a144411 040 $aSeMil$bita 100 1 $aDe Santi, Angelo .$0(OLS)http://semarc/name/40247 245 10$aRicordo materno :$bracconto /$cAngelo De Santi. 250 $a7. ed. 260 $aRoma :$bCiviltà Cattolica,$c1923. 300 $a576 p. ;$c21 cm. 850 $aSeMil 852 $aSeMil$W1$xVenegono$y1$m1A I 58$j245642$B118200$CSeMilBibl$Z2$F129007 $81 996 $6245$aRicordo materno :$bracconto$9(OLS)http://semarc/title/238849 996 $6260$aRoma :$bCiviltà Cattolica$9(OLS)http://semarc/publisher/31487 LEADER 01099nam a2200277 i 4500 001 000000127992 003 CaOOAMICUS 005 20070528000000.0 008 070528s1986 gw u000 u ger u 013 $a100709 020 $a3-85415-035-0 040 $aSeMil$bita 100 1 $aCacciari, Massimo,$d<1944- >.$0(OLS)http://semarc/name/7069 245 10$aZeit ohne Kronos :$bessays /$cMassimo Cacciari ; hrsg. und übersetzt von Reinhard Kacianka. 260 $aKlagenfurt :$bRitter,$cc1986. 300 $a143 p. :$bill. ;$c21 cm. 500 $aFondo card. C.M. Martini. 650 4$aTempo - Filosofia.$0(OLS)http://semarc/subject/594 700 1 $aKacianka, Reinhard.$0(OLS)http://semarc/name/45879 850 $aSeMil 852 $aSeMil$W1$xVenegono$y1$m2P IV 658$j82236$B82236$CSeMilBibl$Z2$F124362 $81 941 1 $a4 961 $aOmaggio: Martini Card. Carlo Maria 996 $6020$a3-85415-035-0$9(OLS)http://semarc/number/114535 996 $6245$aZeit ohne Kronos :$bessays$9(OLS)http://semarc/title/189052 996 $6260$aKlagenfurt :$bRitter$9(OLS)http://semarc/publisher/32099